📖150 premiers mots "Cosmétique de l'ennemi"(Amélie Nothomb) - Statistiques

Statistiques générales
  • Ce quiz a Ă©tĂ© pris 28 fois
  • Le rĂ©sultat moyen est 74 sur 150
Statistiques - réponses
Mots % Correct
Ă 
100%
d'
100%
s'
100%
Il
94%
il
94%
"Il
94%
il.
94%
-C'
89%
en
89%
est
89%
est-
89%
et
89%
n'
89%
qu'
89%
t-
89%
-t
89%
un
89%
de
83%
l'
83%
L'
83%
la
83%
une
83%
ça",
78%
le
78%
les
78%
Les
78%
sa
78%
son
78%
dit
72%
pas
72%
pas,
72%
quand
72%
se
72%
ce
67%
monsieur,
67%
ne
67%
que
67%
Angust
61%
homme
61%
lui
61%
lui.
61%
pour
61%
-Si ...
61%
y
61%
plus
56%
cette
50%
Jérôme
50%
ces
44%
dans
44%
-Oui,
44%
main.
39%
quelqu'
39%
avec
33%
cheveux
33%
côté
33%
étaient
33%
mĂŞme
33%
assit
22%
Cosmétique,
22%
plat
22%
fût
17%
manquait
17%
raison
17%
attente
11%
-Bonjour,
11%
bonjour
11%
lissa
11%
livre
11%
nez
11%
pensa-
11%
salle
11%
sortit
11%
temps
11%
aéroports
6%
afin
6%
annonça
6%
avion,
6%
avion ?
6%
déjà
6%
fallait
6%
hĂ´tesse
6%
nerfs
6%
plongea
6%
politesse.
6%
rendit
6%
retards
6%
sac
6%
serait
6%
vif
6%
voix
6%
art.
0%
assomant,
0%
cérémonie.
0%
détestait
0%
durée
0%
exaspérait.
0%
indéterminée.
0%
laps
0%
machinale
0%
marmonna-
0%
peine
0%
pendant
0%
perspective
0%
précisé
0%
présentable
0%
problèmes
0%
rageusement.
0%
règles
0%
rencontrer
0%
rester
0%
retardé
0%
souleva
0%
techniques,
0%
victime
0%
Aucun quiz correspondant
Distribution des résultats
% des personnes avec chaque résultat
Percentile par nombre de réponses
Votre historique - résultats
Vous n’avez pas pris ce quiz